00692nam a2200193 a 4500001000500000005001700005008004100022020001800063050001700081100001500098245003200113260003500145300002400180520011900204650002500323650002200348999001900370952010900389037620140414132030.0040913s19uu xx 00 eng d a0-590-48615-2 aTRbM99 1989 aGomi, Taro aMy friends /cby Taro Gomi. aNew York :bScholastic,c1989. a1 v.p. : ill. ; cm. aA friend can help you learn new things. The girl in this story is lucky. She has many friends to help her learn. aFriendshipxFiction. aAnimalsxFiction. c113611d113611 00104050aMUbMUcTRd2004-09-13eLib.Fundl0oTR M99 1989pM5207r2014-04-14 00:00:00w2014-04-14yBK